000 01222nam a2200337 a 4500
999 _c46027
_d46027
003 BLK
005 20250719105250.0
008 180408b bul|||||r ||||||| ||bul||
010 _aKNG00049830000
040 _aBLK
041 _aBUL
_cBUL
080 _aАнглийска литература
_b821.111
_x-312.4
_z821.111-312.4
100 1 _aЧейс, Джеймс Хадли
_eпърви автор
_9241644
139 _aЧейс, Джеймс Хадли
_bЧ 49
245 1 0 _aЕва
_bРоман
_cДжеймс Хадли Чейс; прев. от англ. Красимир Цветков.
257 _aGBR
260 _aСофия
_bЗебра 2001
_c1993
300 _a287 с.
_c20 см
380 _aX
500 _aОриг. загл. Eve / James Hadley Chase. - 18 000 тир.
653 _aкрими
653 _aромани
700 1 _aЦветков, Красимир
_eпрев. от англ.
_9280598
852 _aЦб 172919
_bЦб
856 4 _qpdf
_i0.00
_ldisable
856 4 _qpdf
_i0.00
_ldisable
942 _cKNG
_n0
_018
_s1
944 _aCR
_c05.05.2005
_lНора Радева
_k30545
944 _aED
_c11.05.2017
_lф /
_kЛюдмила_Стоянова
999 _d46027